What Shapes How We Spend? Exploring Expectations and Behavior
Salvato in:
| Autore principale: | |
|---|---|
| Natura: | Capitolo di libro |
| Lingua: | inglese |
| Soggetti: | |
| Tags: |
Nessun Tag, puoi essere il primo ad aggiungerne!!
|
MARC
| LEADER | 00000naa$a2200000$$$4500 | ||
|---|---|---|---|
| 001 | 0314284 | ||
| 005 | 20260121105347.1 | ||
| 041 | 0 | |a eng | |
| 044 | |a SK | ||
| 245 | 1 | 0 | |a What Shapes How We Spend? Exploring Expectations and Behavior |c Patrícia Krupová |
| 500 | |a Abstrakt | ||
| 610 | 2 | 0 | |a spotreba domácností |
| 610 | 2 | 0 | |a výdavky domácností |
| 610 | 2 | 0 | |a správanie spotrebiteľa |
| 610 | 2 | 0 | |a Slovensko |
| 100 | 1 | |a Krupová, Patrícia, 1999- | |